000 01208cab a2200337 4500
001 ABS59696
008 090401t1998 xxu||||| |||| 00| 0 eng d
035 _a(Sirsi) u89990
041 _aeng
100 _aMacQueen, H.L.
245 _aConcrete solutions to liability: changing perspectives in contract and delict
260 _c1998
350 _a0
490 _aArbitration
_v64(4) November 1998, 285-291(7)
520 _aConsiders the background and principles of the law of tort, in the context of the liability for defective construction. Discusses the Consumer Protection Act, third party rights in contracts, the situation in Scotland and, European Contract Law.
650 _aBT PLC V JAMES THOMSON & SONS (ENGINEERS)
650 _aCONSTRUCTION DEFECTS
650 _aCONSUMER PROTECTION ACT 1987
650 _aDONOGHUE V STEVENSON
650 _aEUROPE
650 _aJ B MACKENZIE (EDINBURGH) LTD V LORD ADVOCATE
650 _aJUNIOR BOOKS LTD V VEITCHI CO LTD
650 _aLAW OF TORT
650 _aSCOTT LITHGOW V GEC
650 _aSCOTTISH LAW
650 _aSCOTTISH PARLIAMENT
650 _aTHIRD PARTY RIGHTS
690 _aLAW
942 _n0
948 _c27/11/1998
999 _c56984
_d56984